=LDR 00000nam 2200000 4500 =001 000320 =005 20250711023535 =035 ##$$a 0010-0725000173 =007 ta =008 250711################a##########0#ind## =020 ##$$a 978-623-307-571-8 =082 ##$$a 398.209 598 =245 1#$$a Hadiah Es Krim /$c The Asia Foundation-Let's Read =250 ##$$a pertama =260 ##$$a Jakarta atimur :$b Badan Pengembangan dan Pembinaan Bahasa,$c 2022 =300 ##$$a 32 hlm. : $b ilus. ; $c 21,5cm =650 #4$$a cerita anak terjemahan =650 #4$$a literasi bahan bacaan =700 #$$a Sorn Srey Nuch =110 ##$$a The Asia Foundation-Let's Read =856 ##$$a TBM AS-SYUHADA =084 ##$$a 398.209 598 THE h =990 ##$$a TBM202400020 =990 ##$$a TBM202400185